000 04099cam a2200397 4500500
005 20260426004807.0
041 _afre
042 _adc
100 1 0 _aAke Tano, Odile
_eauthor
700 1 0 _aTiembré, Issaka
_eauthor
700 1 0 _aKonan, Yao Eugène
_eauthor
700 1 0 _aDonnen, Philippe
_eauthor
700 1 0 _aDagnan, N’cho Simplice
_eauthor
700 1 0 _aKoffi, Kouamé
_eauthor
700 1 0 _aDiarra-Nama, Alimata Jeanne
_eauthor
700 1 0 _aDramaix, Michèle
_eauthor
245 0 0 _aMalnutrition chronique chez les enfants de moins de 5 ans au nord de la Côte d'Ivoire
260 _c2010.
500 _a2
520 _aRésuméLa malnutrition de l’enfant de moins de cinq ans est un problème majeur de santé publique dans la plupart des pays en développement. La Côte d’Ivoire, pays d’Afrique de l’ouest, n’est pas épargné par ce fléau. L’étude transversale qui s’est déroulée au nord de la Côte d’Ivoire en 2003 avait pour objectifs de déterminer la prévalence de la malnutrition chronique et d’identifier les facteurs de risque chez les enfants de moins de cinq ans en zone urbaine et rurale au nord de la Côte d’Ivoire. Au total 292 et 268 enfants de moins de cinq ans résidant respectivement en zone urbaine et rurale ont été inclus dans l’étude. Leur âge médian était de 24 mois. La malnutrition chronique était plus fréquente chez les enfants du milieu rural (39,9 %) que chez ceux du milieu urbain (16,7 %). La malnutrition chronique était significativement associée au type d’alimentation de l’enfant de moins de 2 ans en zone urbaine et à l’émaciation de la mère ainsi qu’à la présence de fièvre chez l’enfant en zone rurale. Au regard de ces quelques résultats, nous préconisons une alimentation et un état de santé adéquats chez la mère et l’enfant afin d’améliorer l’état nutritionnel de l’enfant. Par ailleurs, ces résultats mériteraient d’être complétés par celles d’études ultérieures plus approfondies pour mieux définir le champ des actions pour lutter efficacement contre la malnutrition chez les enfants du Nord de la Côte d’Ivoire.
520 _aThe malnutrition of children under five years of age constitutes a major public health problem in most developing countries. A cross-section study was carried in 2003 in the northern part of Côte d’Ivoire to determine the prevalence of chronic malnutrition and to identify risk factors among children under five years of age living in urban and rural areas of the northern part of Côte d’Ivoire. A total of 292 and 268 children under five years of age residing respectively in urban and rural areas were included in the study. Their median age was 24 months. Chronic malnutrition was more frequent in children from rural areas (39,9%) than in those living in urban areas (16,7%). Malnutrition was significantly associated with the type of food consumed by children under two years of age in urban areas, and it was strongly linked to emaciation of the mother and presence of childhood fever in rural areas. In light of these results, we advocate a healthy diet and adequate health status for the mother and child to improve the nutritional status of children. Moreover, these results need to be completed and complemented by further studies for more detailed information to contribute to a better definition of actions to fight efficiently against malnutrition among children of the northern part of Côte d’Ivoire.
690 _aCôte d'Ivoire
690 _aenfant de moins de 5 ans
690 _afacteurs de risques
690 _amalnutrition chronique
690 _amilieu rural
690 _amilieu urbain
690 _achildren under five years of age
690 _achronic malnutrition
690 _aCôte d'Ivoire
690 _arisk factor
690 _arural area
690 _aurban area
786 0 _nSanté Publique | 22 | 2 | 2010-05-17 | p. 213-220 | 0995-3914
856 4 1 _uhttps://stm.cairn.info/revue-sante-publique-2010-2-page-213?lang=fr&redirect-ssocas=7080
999 _c2221833
_d2221833